Spell the Country #18 - Statistics

General Stats
  • This quiz has been taken 52 times
  • The average score is 6 of 7
Answer Stats
Picture Answer % Correct
Russia
100%
Tunisia
95%
Yemen
95%
Uzbekistan
89%
Kiribati
81%
Turkey
81%
Equatorial Guinea
70%
No matching quizzes found
Score Distribution
Percent of People with Each Score
Percentile by Number Answered
Your Score History
You have not taken this quiz